[Event "Asian Schools-ch 14th U13 Girls"]
[Site "Waskaduwa"]
[Date "2018.07.09"]
[Round "2.4"]
[White "Herath, HMMD"]
[Black "Kiyarra, Sunil Khaturia"]
[Result "1/2-1/2"]
[WhiteElo "1227"]
[BlackElo "1499"]
[PlyCount "52"]
[EventDate "2018.07.09"]
[EventType "swiss"]
[EventRounds "9"]
[EventCountry "SRI"]
[SourceTitle "EXT 2024"]
[Source "ChessBase"]
[SourceDate "2023.10.10"]
[SourceVersion "1"]
[SourceVersionDate "2023.10.10"]
[SourceQuality "1"]

1. e4 c5 2. Nf3 e6 3. d4 cxd4 4. Nxd4 a6 5. Nc3 Qc7 6. a3 Nf6 7. Be2 Be7 8. Be3 b5 9. 0-0 Bb7 10. f3 d6 11. Qe1 0-0 12. Kh1 Nbd7 13. g4 Ne5 14. Rg1 Rac8 15. g5 Nfd7 16. Rg3 Nc5 17. Rh3 Ng6 18. Qg3 e5 19. Nf5 Ne6 20. Rg1 Qd8 21. Bd3 Nef4 22. Bxf4 Nxf4 23. Rh4 Ng6 24. Rh3 Nf4 25. Rh4 Ng6 26. Rh3 Nf4 1/2-1/2

[Event "IND-ch U11 Girls 30th"]
[Site "India"]
[Date "2016.07.03"]
[Round "8"]
[White "Annyatoma, Das"]
[Black "Kiyarra, Sunil Khaturia"]
[Result "0-1"]
[WhiteElo "1147"]
[BlackElo "1260"]
[PlyCount "86"]
[EventDate "2016.06.28"]
[EventType "swiss"]
[EventRounds "11"]
[EventCountry "IND"]
[SourceTitle "CBM 173 Extra"]
[Source "ChessBase"]
[SourceDate "2016.08.29"]
[SourceVersion "1"]
[SourceVersionDate "2016.08.29"]
[SourceQuality "1"]

1. e4 c5 2. Nf3 g6 3. d4 cxd4 4. Qxd4 Nf6 5. Bb5 Nc6 6. Bxc6 bxc6 7. Nc3 Bg7 8. Be3 0-0 9. Qd2 d5 10. exd5 cxd5 11. 0-0 Bg4 12. Ne5 Bc8 13. Nc6 Qd7 14. Nxa7 Rxa7 15. Bxa7 Qxa7 16. Nxd5 Nxd5 17. Qxd5 Bxb2 18. Rab1 Bd4 19. Qb3 Ba6 20. c4 Rc8 21. Rbc1 Qc5 22. Qf3 Qb4 23. Qd5 Bf6 24. Rfe1 Rxc4 25. Qa8+ Bc8 26. Red1 Kg7 27. Rxc4 Qxc4 28. h3 Qe2 29. Qd5 Be6 30. Qd2 Qa6 31. Qd8 Qxa2 32. Qd3 Qa5 33. Qf3 Qc3 34. Qe2 Bb3 35. Re1 Bc4 36. Qe4 Bd3 37. Qe3 Bg5 38. f4 Bxf4 39. Qxe7 Bd6 40. Qe8 Bb5 41. Qxb5 Qxe1+ 42. Qf1 Bc5+ 43. Kh2 Qxf1 0-1

[Event "IND-ch U11 Girls 30th"]
[Site "India"]
[Date "2016.07.02"]
[Round "7"]
[White "Kiyarra, Sunil Khaturia"]
[Black "Barnita, Singha"]
[Result "1-0"]
[WhiteElo "1260"]
[BlackElo "1104"]
[PlyCount "23"]
[EventDate "2016.06.28"]
[EventType "swiss"]
[EventRounds "11"]
[EventCountry "IND"]
[SourceTitle "CBM 173 Extra"]
[Source "ChessBase"]
[SourceDate "2016.08.29"]
[SourceVersion "1"]
[SourceVersionDate "2016.08.29"]
[SourceQuality "1"]

1. e4 e5 2. Nf3 Nc6 3. d4 exd4 4. Bc4 Be7 5. c3 dxc3 6. Qd5 Nh6 7. Bxh6 0-0 8. Bxg7 Nb4 9. Qe5 Nc6 10. Qg3 Bg5 11. Nxg5 Qe7 12. Bxc3 1-0

[Event "IND-ch U11 Girls 30th"]
[Site "India"]
[Date "2016.07.01"]
[Round "5"]
[White "Kiyarra, Sunil Khaturia"]
[Black "Sairupa, P."]
[Result "1/2-1/2"]
[WhiteElo "1260"]
[BlackElo "1148"]
[PlyCount "54"]
[EventDate "2016.06.28"]
[EventType "swiss"]
[EventRounds "11"]
[EventCountry "IND"]
[SourceTitle "CBM 173 Extra"]
[Source "ChessBase"]
[SourceDate "2016.08.29"]
[SourceVersion "1"]
[SourceVersionDate "2016.08.29"]
[SourceQuality "1"]

1. e4 e5 2. Nf3 Nc6 3. d4 exd4 4. Bc4 Nf6 5. e5 d5 6. Bb5 Ne4 7. Nxd4 Bd7 8. Bxc6 bxc6 9. 0-0 Bc5 10. f3 Ng5 11. f4 Ne4 12. Be3 Bb6 13. Nd2 Nxd2 14. Qxd2 c5 15. Nb3 d4 16. Bf2 Bc6 17. c3 Qd5 18. Bg3 d3 19. Kh1 c4 20. Nc1 0-0-0 21. b3 Bb5 22. a4 Ba6 23. a5 Bc5 24. bxc4 Bxc4 25. Rb1 Ba3 26. Bh4 Rd7 27. Ra1 Qxa5 1/2-1/2

[Event "Mumbai Wealth op U13"]
[Site "Mumbai"]
[Date "2016.02.05"]
[Round "9"]
[White "Chhabra, Aakash"]
[Black "Kiyarra, Sunil Khaturia"]
[Result "1-0"]
[WhiteElo "1532"]
[BlackElo "1281"]
[PlyCount "111"]
[EventDate "2016.01.28"]
[EventType "swiss"]
[EventRounds "9"]
[EventCountry "IND"]
[SourceTitle "CBM 170 Extra"]
[Source "ChessBase"]
[SourceDate "2016.02.25"]
[SourceVersion "1"]
[SourceVersionDate "2016.02.25"]
[SourceQuality "1"]

1. d4 d5 2. c4 e5 3. dxe5 d4 4. Nf3 Nc6 5. g3 Nge7 6. Bg2 Ng6 7. 0-0 Ngxe5 8. Nxe5 Nxe5 9. b3 Nc6 10. Bb2 Bc5 11. Nd2 Bd7 12. Ne4 Qe7 13. Nxc5 Qxc5 14. Bxc6 Qxc6 15. f3 0-0-0 16. Qc2 Bh3 17. Rfd1 Qc5 18. Kh1 Bf5 19. Qd2 Rhe8 20. Bxd4 Qe7 21. e3 g6 22. c5 h5 23. Qe2 h4 24. g4 Be6 25. c6 Bd5 26. Rac1 Qe6 27. cxb7+ Bxb7 28. h3 Qd5 29. Kg2 Qa5 30. Rc5 Qb4 31. Qc4 Qxc4 32. Rxc4 Rxe3 33. Bxe3 Rxd1 34. Rd4 Ra1 35. Rd2 a5 36. Bg5 Ba6 37. Bxh4 Re1 38. Bxe1 Kb7 39. h4 Kb6 40. Bf2+ Kb5 41. Rd4 Kc5 42. h5 gxh5 43. gxh5 Kb5 44. h6 Kc6 45. h7 Kb5 46. h8Q Kc6 47. Qa8+ Bb7 48. Rc4+ Kd6 49. Qxb7 Ke6 50. Qc6+ Ke7 51. Re4+ Kf8 52. Bc5+ Kg7 53. Rg4+ Kh7 54. Qe4+ Kh8 55. Bd4+ f6 56. Bxf6# 1-0

[Event "Mumbai Wealth op U13"]
[Site "Mumbai"]
[Date "2016.01.30"]
[Round "3"]
[White "Kiyarra, Sunil Khaturia"]
[Black "Bhagat, Kush"]
[Result "0-1"]
[WhiteElo "1281"]
[BlackElo "1102"]
[PlyCount "98"]
[EventDate "2016.01.28"]
[EventType "swiss"]
[EventRounds "9"]
[EventCountry "IND"]
[SourceTitle "CBM 170 Extra"]
[Source "ChessBase"]
[SourceDate "2016.02.25"]
[SourceVersion "1"]
[SourceVersionDate "2016.02.25"]
[SourceQuality "1"]

1. e4 c5 2. c3 Nf6 3. e5 Nd5 4. Bc4 Nb6 5. Bb3 Nc6 6. Nf3 d6 7. d4 cxd4 8. cxd4 dxe5 9. dxe5 Qxd1+ 10. Bxd1 Bg4 11. Bf4 0-0-0 12. Nbd2 e6 13. Ng5 Bxd1 14. Rxd1 Rd7 15. 0-0 Nb4 16. Nde4 N6d5 17. Bd2 Nc6 18. Rc1 Kb8 19. f4 Nd4 20. Rfe1 h6 21. Nh3 Nb4 22. Bxb4 Bxb4 23. Nc3 Rc8 24. Re3 Rdc7 25. Nf2 Bxc3 26. Rcxc3 Rxc3 27. bxc3 Rxc3 28. Rxc3 Ne2+ 29. Kf1 Nxc3 30. a3 Nd5 31. g3 Nb6 32. Ne4 Nc4 33. a4 Nb6 34. Nd6 Nxa4 35. Nxf7 Kc7 36. Nd6 g6 37. Nf7 b5 38. Nxh6 b4 39. Ke2 b3 40. Kd3 Nc5+ 41. Kc3 a5 42. Ng4 a4 43. Kb2 Nd3+ 44. Ka3 b2 45. Ka2 Kc6 46. Ne3 Kc5 47. Nd1 a3 48. Nc3 Kb4 49. Ne2 Nc1+ 0-1